000 01036nam a2200289 i 4500
001 C2-0314386
003 PPAK
005 20180728110048.0
008 111226s1989 my a|||| ||||| | eng d
020 _a9679360512
022 _a0127-4007
040 _aPPAK
_beng
_cPPAK
_erda
082 0 4 _a338.176109595
_223
090 0 0 _a338.176109595
_bHSO
_dKK
100 0 _aH. S. Ooi,
_eauthor
110 2 _aMalaysian Agricultural Research and Development Institute (MARDI)
245 1 0 _aDesign and evaluation fo interrow carriers for pineapple
264 1 _aKuala Lumpur :
_bMalaysian Agricultural Research and Development Institute (MARDI) ,
_c1989
300 _a12 pages :
_billustrations ;
_c25 cm
336 _2rdacontent
_atext
337 _2rdamedia
_aunmediated
338 _2rdacarrier
_avolume
500 _a(MARDI report no. 126)
650 1 0 _aPineapple industry - Malaysia ; Pineapple - Harvesting - Malaysia
710 2 _aMalaysian Agricultural Research and Development Institute (MARDI)
_eorganizer
942 _ddc
_cB
999 _c115816
_d115816